[Event "Bergen Spillfestival Hovedturnering 2023"]
[Site "Bergen Internasjonale Kulturse"]
[Date "2023.08.01"]
[Round "3"]
[White "Gåsland, Lukas Dominik"]
[Black "Rynning, Rune Kleiven"]
[Result "1/2-1/2"]
[WhiteElo "1873"]
[BlackElo "1718"]
[PlyCount "64"]
[EventDate "2023.??.??"]

{[%evp 0,59,28,20,55,-7,53,7,10,16,15,12,5,4,7,15,16,1,0,-26,-18,-40,-29,-25,
-26,-39,-29,-39,-34,-28,-40,-53,-43,-52,-59,-63,-59,-69,-52,-77,-80,-54,-43,
-41,-38,-46,-26,-37,-33,-34,-23,-53,-78,-101,-55,-105,-103,-102,-114,-129,-123,
-153]} 1. Nf3 c5 2. g3 g6 3. Bg2 Bg7 4. O-O Nc6 5. c4 d6 6. Nc3 Bf5 7. d3 Qd7
8. Nd5 Nf6 9. e4 Bg4 10. Qa4 Bxf3 11. Bxf3 Nd4 12. Qxd7+ Nxd7 13. Bg2 Rb8 14.
Rb1 Ne5 15. Nf4 b5 16. cxb5 Rxb5 17. Be3 Nec6 18. b3 O-O 19. Nd5 e6 20. Nc3
Nf3+ 21. Bxf3 Bxc3 22. Be2 Bd4 23. h4 h5 24. Kg2 Rfb8 25. g4 hxg4 26. Bxg4 a5
27. Rbd1 a4 28. bxa4 Rb2 29. Bxd4 Nxd4 30. h5 gxh5 31. Bxh5 Nc2 32. Rg1 Kf8
1/2-1/2

[Event "Bergen Spillfestival Hovedturnering 2023"]
[Site "Bergen Internasjonale Kulturse"]
[Date "2023.08.01"]
[Round "3"]
[White "Mongstad, Dag"]
[Black "Haugen, Lars Tormod"]
[Result "0-1"]
[WhiteElo "1516"]
[BlackElo "1792"]
[PlyCount "94"]
[EventDate "2023.??.??"]

{[%evp 0,45,28,19,48,55,95,66,64,61,61,41,41,26,44,-37,19,21,48,20,0,-35,-18,
-15,0,-4,-9,-15,-11,-23,-3,0,41,-112,-82,-82,-88,-88,-88,-249,-242,-241,-238,
-249,-202,-205,-238,-214]} 1. e4 c5 2. Nf3 g6 3. d4 cxd4 4. Nxd4 Bg7 5. Be3 Nf6
6. f3 Nc6 7. c4 O-O 8. Nc3 e6 9. Ndb5 d5 10. cxd5 exd5 11. Nxd5 Nxd5 12. Qxd5
Qxd5 13. exd5 Nb4 14. O-O-O Nxa2+ 15. Kb1 Nb4 16. Bc5 Bf5+ 17. Ka1 Nc2+ 18. Ka2
Rfc8 19. Bd4 a6 20. Nd6 Nxd4 21. Nxc8 Rxc8 22. Bd3 Bxd3 23. Rxd3 Rd8 24. Rc1
Nb5 25. Kb3 Kf8 26. Rcd1 Ke7 27. R1d2 Kd6 28. Kb4 Bf6 29. f4 Re8 30. f5 Re4+
31. Kb3 Nd4+ 32. Ka3 Nxf5 33. Rf2 Bd4 34. Rfd2 Kxd5 35. h3 Re3 36. g4 Rxd3+ 37.
Rxd3 Nd6 38. Rf3 Ke4 39. Rf1 f5 40. Re1+ Be3 41. gxf5 gxf5 42. Kb3 f4 43. Rd1
Nf5 44. Rd7 f3 45. Kc2 f2 46. b4 f1=Q 47. b5 Qc4+ 0-1

[Event "Bergen Spillfestival Hovedturnering 2023"]
[Site "Bergen Internasjonale Kulturse"]
[Date "2023.08.01"]
[Round "3"]
[White "Bjarnason, Snorri Vikanes"]
[Black "Flaten, Siver"]
[Result "1-0"]
[WhiteElo "1657"]
[BlackElo "1386"]
[PlyCount "47"]
[EventDate "2023.??.??"]

{[%evp 0,34,28,-16,-18,-68,-42,-45,-27,-35,-17,-21,21,18,38,42,35,42,50,50,48,
30,51,44,64,60,77,47,66,66,203,147,442,124,220,86,129]} 1. c4 e5 2. g3 Nc6 3.
Bg2 Nf6 4. Nc3 Bb4 5. Nd5 Nxd5 6. cxd5 Ne7 7. Nf3 f6 8. O-O O-O 9. Qb3 Bd6 10.
e4 Kh8 11. d4 c6 12. dxe5 fxe5 13. Ng5 cxd5 14. exd5 Qa5 15. Ne4 Bc5 16. d6 Nf5
17. Be3 Bxd6 18. g4 Nxe3 19. fxe3 Rxf1+ 20. Rxf1 Be7 21. Ng5 h6 22. Qf7 Qd8 23.
Be4 d5 24. Qg6 1-0

[Event "Bergen Spillfestival Hovedturnering 2023"]
[Site "Bergen Internasjonale Kulturse"]
[Date "2023.08.01"]
[Round "3"]
[White "Seymour, Max Bakke"]
[Black "Straus, Aksel Bjøntegaard"]
[Result "1-0"]
[WhiteElo "1611"]
[BlackElo "1402"]
[PlyCount "43"]
[EventDate "2023.??.??"]

{[%evp 0,43,28,-18,26,31,26,44,49,49,60,55,92,106,87,94,124,132,135,142,168,
154,154,137,194,212,202,200,218,209,236,225,266,278,273,281,305,306,317,311,
319,306,505,467,1080,1080]} 1. c4 c6 2. Nf3 d5 3. e3 Nf6 4. Nc3 Bg4 5. Qb3 Bxf3
6. Qxb7 Nbd7 7. gxf3 dxc4 8. Bxc4 Ne5 9. Be2 Rb8 10. Qxa7 Ra8 11. Qd4 Qc7 12.
f4 Ned7 13. Rg1 Rd8 14. Qa4 Nc5 15. Qc2 e6 16. d4 Nb7 17. Bd2 g6 18. Bf3 Nd5
19. Nxd5 exd5 20. Rc1 c5 21. dxc5 Qxc5 22. Qa4+ 1-0

[Event "Bergen Spillfestival Hovedturnering 2023"]
[Site "Bergen Internasjonale Kulturse"]
[Date "2023.08.02"]
[Round "4"]
[White "Mansoor, Afras"]
[Black "Urkedal, Frode Olav Olsen"]
[Result "0-1"]
[WhiteElo "2159"]
[BlackElo "2529"]
[PlyCount "80"]
[EventDate "2023.??.??"]

{[%evp 0,62,20,20,32,13,13,-11,-15,-15,-23,-17,17,-4,55,67,-7,-6,-32,-23,-43,
-35,4,-36,-53,-55,-49,-49,-57,-50,-55,-52,-53,-53,-54,-52,-70,-46,-55,-55,-47,
-36,-36,-77,-71,-67,-79,-76,-86,-86,-88,-114,-105,-119,-110,-114,-114,-110,
-109,-109,-71,-78,14,-469,-488]} 1. d4 Nf6 2. c4 e6 3. g3 d5 4. Bg2 dxc4 5. Nf3
c6 6. O-O b5 7. a4 Bb7 8. b3 cxb3 9. Nbd2 Nbd7 10. Nxb3 a5 11. Ne1 b4 12. Nd3
Be7 13. Qc2 O-O 14. Bb2 Qc7 15. Rac1 Rac8 16. Rfd1 Rfd8 17. e3 Ba6 18. Qxc6 Qa7
19. Qf3 Rxc1 20. Ndxc1 Qb6 21. e4 Bb7 22. Qe2 Bc6 23. d5 Bxa4 24. d6 Bxd6 25.
e5 Bxe5 26. Bxe5 Nxe5 27. Rxd8+ Qxd8 28. Qxe5 Qd1+ 29. Bf1 h5 30. Qxa5 Bxb3 31.
Qxb4 Bd5 32. Ne2 Ne4 33. Qb5 Qe1 34. Qe8+ Kh7 35. Qxf7 Nf6 36. Nf4 Bc4 37. Qg6+
Kg8 38. Nd3 Qb1 39. Kg2 Bd5+ 40. Kg1 Be4 0-1

[Event "Bergen Spillfestival Hovedturnering 2023"]
[Site "Bergen Internasjonale Kulturse"]
[Date "2023.08.02"]
[Round "4"]
[White "Martinsen, Stig K"]
[Black "Bjørkly, Sara Marie Skaug"]
[Result "1-0"]
[WhiteElo "2172"]
[BlackElo "1470"]
[PlyCount "77"]
[EventDate "2023.??.??"]

{[%evp 0,77,20,19,41,41,41,45,45,40,34,20,64,68,67,73,77,42,32,59,62,72,81,69,
60,48,113,113,159,195,234,261,258,205,205,205,275,275,275,265,317,205,244,185,
167,165,239,252,270,295,286,289,298,298,290,287,300,288,307,297,292,293,304,
310,355,354,445,456,524,531,757,573,735,742,802,839,1498,1521,29999,-30000]} 1.
e4 c5 2. Nf3 Nc6 3. Bb5 Nd4 4. Nxd4 cxd4 5. O-O g6 6. c3 Bg7 7. cxd4 a6 8. Bc4
Bxd4 9. Qa4 Qb6 10. Nc3 e6 11. Ne2 Bg7 12. d4 Qa7 13. Qb4 Bxd4 14. Bxe6 Bc5 15.
Qc3 f6 16. Bxg8 Rxg8 17. Qxf6 Rf8 18. Qe5+ Be7 19. Bh6 d6 20. Qc3 Bf6 21. Qd2
Rf7 22. Qxd6 g5 23. Nc3 Qd4 24. Nd5 Qe5 25. Nxf6+ Qxf6 26. Qxf6 Rxf6 27. Bxg5
Rg6 28. Bf4 Be6 29. b3 Kf7 30. f3 Rag8 31. Rf2 h5 32. Rc1 Bc8 33. Rc7+ Ke6 34.
Rfc2 Bd7 35. Rxb7 R8g7 36. Rd2 h4 37. Rd6+ Ke7 38. Rdxd7+ Kf8 39. Rd8# 1-0

[Event "Bergen Spillfestival Hovedturnering 2023"]
[Site "Bergen Internasjonale Kulturse"]
[Date "2023.08.02"]
[Round "4"]
[White "Texe, Eirik"]
[Black "Gåsland, Lukas Dominik"]
[Result "0-1"]
[WhiteElo "1573"]
[BlackElo "1873"]
[PlyCount "56"]
[EventDate "2023.??.??"]

{[%evp 0,51,20,19,41,41,80,58,58,55,45,35,55,10,70,48,48,47,53,26,29,22,68,73,
80,69,70,73,70,63,60,64,47,24,1,15,13,-18,21,-99,-126,-169,-189,-219,-61,-359,
-373,-367,-381,-374,-370,-370,-377,-1177]} 1. e4 c5 2. Nf3 d6 3. d4 cxd4 4.
Nxd4 Nf6 5. Nc3 Nc6 6. f3 e6 7. Be3 Be7 8. Qd2 O-O 9. g4 a6 10. O-O-O Bd7 11.
g5 Ne8 12. Rg1 b5 13. a3 Rb8 14. f4 Nxd4 15. Bxd4 a5 16. h4 b4 17. axb4 axb4
18. Nb1 Qc7 19. Bf6 Nxf6 20. gxf6 Bxf6 21. e5 Qc5 22. Bg2 dxe5 23. Qxd7 Rfd8
24. Qc6 Qe3+ 25. Nd2 Rxd2 26. Kb1 b3 27. Be4 Qd4 28. Rc1 bxc2+ 0-1

[Event "Bergen Spillfestival Hovedturnering 2023"]
[Site "Bergen Internasjonale Kulturse"]
[Date "2023.08.02"]
[Round "4"]
[White "Haugen, Lars Tormod"]
[Black "Bjarnason, Snorri Vikanes"]
[Result "1/2-1/2"]
[WhiteElo "1792"]
[BlackElo "1657"]
[PlyCount "105"]
[EventDate "2023.??.??"]

{[%evp 0,42,20,-18,21,39,9,9,14,14,17,25,48,29,7,-3,18,18,32,37,74,68,63,67,51,
39,53,51,78,69,81,61,61,64,52,10,32,0,27,8,16,-34,27,2,-34]} 1. c4 c5 2. Nc3
Nf6 3. g3 d5 4. cxd5 Nxd5 5. Bg2 Nc7 6. e3 Nc6 7. Nge2 e5 8. O-O Be7 9. f4 exf4
10. Nxf4 O-O 11. b3 Nb4 12. Ba3 Rb8 13. d4 cxd4 14. exd4 Ncd5 15. Ncxd5 Nxd5
16. Bxe7 Nxe7 17. Kh1 Nf5 18. Rf3 Qxd4 19. Rd3 Qe5 20. Rc1 Be6 21. Nxe6 Qxe6
22. Bd5 Qh6 23. Rc7 Ne3 24. Qd2 Qb6 25. Bxf7+ Rxf7 26. Rxf7 Kxf7 27. Qxe3 Qxe3
28. Rxe3 Rd8 29. Re2 Kf6 30. Kg2 Rd3 31. Rc2 b5 32. Rc6+ Ke5 33. Ra6 Rd7 34.
Ra5 Kf6 35. Ra6+ Ke5 36. Kf3 Kd4 37. a4 bxa4 38. bxa4 Rf7+ 39. Kg4 Ke4 40. h4
Rb7 41. Re6+ Kd5 42. Ra6 Ke5 43. Kg5 Rd7 44. h5 Ke4 45. Ra5 Kf3 46. Kh4 Rd4+
47. Kh3 Rd7 48. Rf5+ Ke4 49. Ra5 Kf3 50. g4 g6 51. h6 Rd1 52. Kh2 Rd2+ 53. Kh3
1/2-1/2

[Event "Bergen Spillfestival Hovedturnering 2023"]
[Site "Bergen Internasjonale Kulturse"]
[Date "2023.08.02"]
[Round "4"]
[White "Rynning, Rune Kleiven"]
[Black "Sivertsen, Jarle"]
[Result "0-1"]
[WhiteElo "1718"]
[BlackElo "1589"]
[PlyCount "106"]
[EventDate "2023.??.??"]

{[%evp 0,51,20,-18,-18,-33,4,14,13,4,5,-29,-25,-6,5,1,-25,-1,33,19,22,11,11,8,
11,12,66,52,60,48,89,55,59,49,46,10,10,11,11,4,19,9,-12,-17,-58,-183,-98,-185,
-200,-265,-175,-161,-148,-176]} 1. c4 e5 2. g3 c6 3. Nf3 e4 4. Nd4 Nf6 5. Bg2
d5 6. cxd5 Qxd5 7. Nb3 Qh5 8. h3 Bd6 9. Nc3 Qg6 10. Qc2 e3 11. Qxg6 exf2+ 12.
Kxf2 hxg6 13. d4 Bc7 14. e4 a5 15. Bf4 Bxf4 16. gxf4 Nbd7 17. Nd2 Nb6 18. b3
Be6 19. Nf3 Nh5 20. Ke3 Ng3 21. Rh2 a4 22. Ng5 axb3 23. Nxe6 fxe6 24. Bf1 bxa2
25. Bd3 Ra3 26. Kd2 Nh5 27. Rf2 Nf6 28. Rf3 Rh4 29. Rxa2 Rxa2+ 30. Nxa2 g5 31.
fxg5 Nxe4+ 32. Bxe4 Rxe4 33. Kd3 Rh4 34. Nc3 Nd5 35. Nxd5 exd5 36. g6 Rh6 37.
Rf7 Rxg6 38. Rxb7 Rg3+ 39. Kd2 g5 40. Rc7 Rxh3 41. Rxc6 Ke7 42. Rg6 Rg3 43. Ke2
Rg4 44. Kf3 Rf4+ 45. Kg3 Rxd4 46. Rxg5 Kd6 47. Kf2 Re4 48. Rg3 Kc5 49. Re3 Rxe3
50. Kxe3 Kc4 51. Ke2 Kc3 52. Kd1 Kd3 53. Kc1 Ke2 0-1

[Event "Bergen Spillfestival Hovedturnering 2023"]
[Site "Bergen Internasjonale Kulturse"]
[Date "2023.08.02"]
[Round "4"]
[White "Krbacevic, Mateja"]
[Black "Seymour, Max Bakke"]
[Result "1/2-1/2"]
[WhiteElo "1476"]
[BlackElo "1611"]
[PlyCount "59"]
[EventDate "2023.??.??"]

{[%evp 0,45,20,19,41,45,64,66,68,35,29,27,48,42,27,56,12,36,25,35,25,25,21,0,
16,-15,-15,-31,-31,-51,-13,-13,9,1,36,25,35,52,66,74,71,64,49,23,29,-2,15,-34]
} 1. e4 c5 2. Nf3 d6 3. d4 cxd4 4. Nxd4 Nf6 5. Nc3 a6 6. f3 e5 7. Nb3 Be6 8.
Be3 Be7 9. Be2 Nbd7 10. O-O Nb6 11. Qd2 d5 12. exd5 Nbxd5 13. Nxd5 Nxd5 14. Bf2
Bg5 15. Qe1 Qc7 16. Bd3 O-O 17. Nc5 Bc8 18. Bxh7+ Kxh7 19. Qe4+ Kg8 20. Qxd5
Rd8 21. Qb3 Be7 22. Ne4 b5 23. Rad1 Be6 24. Qc3 Rdc8 25. a3 f5 26. Qxc7 Rxc7
27. Nc3 Bxa3 28. Nxb5 axb5 29. bxa3 Rxc2 30. Ra1 1/2-1/2

[Event "Bergen Spillfestival Hovedturnering 2023"]
[Site "Bergen Internasjonale Kulturse"]
[Date "2023.08.02"]
[Round "4"]
[White "Flaten, Siver"]
[Black "Mongstad, Dag"]
[Result "0-1"]
[WhiteElo "1386"]
[BlackElo "1516"]
[PlyCount "122"]
[EventDate "2023.??.??"]

{[%evp 0,41,20,19,34,54,36,28,23,41,31,26,29,-37,-37,-132,-116,-144,-153,-146,
-163,-168,-173,-166,-70,-66,-80,-111,-97,-156,-166,-194,-180,-206,-190,-223,
-127,-158,-66,-188,-168,-156,-146,-155]} 1. e4 e6 2. d4 d5 3. Nc3 Bb4 4. e5 c5
5. Qg4 Ne7 6. Bg5 cxd4 7. Qxd4 Nbc6 8. Bb5 Bd7 9. Bxc6 Nxc6 10. Bxd8 Nxd4 11.
O-O-O Nc6 12. Bc7 Rc8 13. Nb5 Nxe5 14. Bxe5 Bxb5 15. Bxg7 Rg8 16. Be5 Rxg2 17.
Bg3 Ke7 18. Nh3 Be2 19. Rd4 Bc5 20. Rh4 Bd6 21. Re1 Bxg3 22. hxg3 Bf3 23. c3
Rh2 24. Rxh7 Bg4 25. Ng5 Rxh7 26. Nxh7 f6 27. Nxf6 Kxf6 28. Rh1 Rc7 29. Kd2 Bf5
30. Ke3 Rh7 31. Rg1 e5 32. f3 Rh2 33. Rd1 Be6 34. Rb1 Bf5 35. Rd1 Ke6 36. g4
Bg6 37. Rd2 Rxd2 38. Kxd2 e4 39. f4 Kf6 40. Ke3 Bf7 41. c4 dxc4 42. Kxe4 c3 43.
bxc3 Bxa2 44. Kd4 b5 45. Kc5 Bc4 46. Kb4 Be2 47. Ka5 Ke6 48. Kb4 Kd6 49. g5 Kc6
50. f5 Bd3 51. f6 Bg6 52. c4 a6 53. cxb5+ axb5 54. Kb3 Kc5 55. Kc3 b4+ 56. Kb3
Kb5 57. Kb2 Kc4 58. Kc1 Kc3 59. f7 Bxf7 60. Kb1 b3 61. Ka1 b2+ 0-1

[Event "Bergen Spillfestival Hovedturnering 2023"]
[Site "Bergen Internasjonale Kulturse"]
[Date "2023.08.02"]
[Round "4"]
[White "Straus, Aksel Bjøntegaard"]
[Black "Gjersvik, Aksel Elias"]
[Result "1/2-1/2"]
[WhiteElo "1402"]
[BlackElo "1395"]
[PlyCount "74"]
[EventDate "2023.??.??"]

{[%evp 0,59,20,20,20,20,32,28,23,-29,26,15,8,22,21,13,25,-19,-17,-15,12,-13,-7,
-6,-6,-6,0,0,-7,-17,36,8,39,-76,-100,-111,-137,-141,-144,-145,-146,-167,-178,
-179,-183,-194,-82,-62,-76,-76,-47,-75,-73,-83,108,97,125,93,123,99,147,158]} 
1. d4 d5 2. Bf4 Bf5 3. e3 e6 4. c4 c6 5. Qb3 Qb6 6. c5 Qxb3 7. axb3 Nd7 8. Nc3
e5 9. Bg3 Ngf6 10. b4 exd4 11. exd4 Be7 12. b5 Nh5 13. bxc6 bxc6 14. b4 Nxg3
15. hxg3 Bf6 16. Rd1 a6 17. Nf3 O-O 18. Bd3 Bxd3 19. Rxd3 Rfb8 20. Na2 a5 21.
bxa5 Rb1+ 22. Rd1 Rxd1+ 23. Kxd1 Rxa5 24. Nc1 Ra4 25. Ke2 Bxd4 26. Rh4 Nxc5 27.
Rxd4 Ra6 28. Rb4 h6 29. Rb8+ Kh7 30. Ne5 f6 31. Ned3 Ne4 32. Rc8 Rb6 33. Rc7 c5
34. Ke3 Re6 35. Nf4 d4+ 36. Kf3 Nd2+ 37. Kg4 Re5 1/2-1/2

[Event "Bergen Spillfestival Hovedturnering 2023"]
[Site "Bergen Internasjonale Kulturse"]
[Date "2023.08.02"]
[Round "5"]
[White "Urkedal, Frode Olav Olsen"]
[Black "Gåsland, Lukas Dominik"]
[Result "1-0"]
[WhiteElo "2529"]
[BlackElo "1873"]
[PlyCount "57"]
[EventDate "2023.??.??"]

{[%evp 0,57,20,20,32,13,13,13,13,13,17,3,5,30,64,37,56,53,72,64,68,51,50,47,62,
66,70,66,69,54,65,25,33,30,41,49,78,63,55,41,63,64,67,50,55,61,37,48,44,33,117,
100,85,85,97,69,63,50,296,303]} 1. d4 Nf6 2. c4 e6 3. Nf3 d5 4. Nc3 Be7 5. Bf4
O-O 6. e3 c6 7. Rc1 a6 8. cxd5 exd5 9. Bd3 Bg4 10. Qc2 Nbd7 11. Ne5 Bh5 12. O-O
Bg6 13. Nxg6 hxg6 14. h3 Re8 15. Rfe1 Nf8 16. Qb3 b5 17. Ne2 Qb6 18. Rc3 Ne6
19. Rec1 c5 20. dxc5 Nxc5 21. Qc2 Nfd7 22. b4 Nxd3 23. Qxd3 Bxb4 24. Rc6 Qd8
25. Qxd5 Nf6 26. Qb3 Bf8 27. Rd1 Qe7 28. Rdd6 Qb7 29. Rxf6 1-0

[Event "Bergen Spillfestival Hovedturnering 2023"]
[Site "Bergen Internasjonale Kulturse"]
[Date "2023.08.02"]
[Round "5"]
[White "Sivertsen, Jarle"]
[Black "Martinsen, Stig K"]
[Result "0-1"]
[WhiteElo "1589"]
[BlackElo "2172"]
[PlyCount "102"]
[EventDate "2023.??.??"]

{[%evp 0,44,20,20,28,13,35,35,39,37,32,29,45,-5,8,8,37,0,1,-53,-9,-80,-89,-87,
-87,-104,-99,-90,-58,-84,-102,-155,-92,-103,-136,-153,-171,-171,-187,-189,-181,
-235,-265,-204,-234,-278,-382]} 1. d4 Nf6 2. c4 g6 3. Nc3 Bg7 4. e4 d6 5. Be2
O-O 6. g4 c5 7. d5 e6 8. Be3 exd5 9. exd5 Re8 10. g5 Ne4 11. Nxe4 Rxe4 12. Qc2
Re8 13. O-O-O b5 14. cxb5 a6 15. Qa4 Bb7 16. a3 axb5 17. Qxb5 Ba6 18. Qb3 Nd7
19. Bxa6 Rxa6 20. Rd2 Rb6 21. Qc4 Qa8 22. Nf3 Reb8 23. Rhd1 Bxb2+ 24. Kc2 Bg7
25. Kd3 Qxa3+ 26. Ke2 Rb4 27. Qa2 Qa4 28. Kf1 Qb5+ 29. Kg2 Rg4+ 30. Kh1 Ra4 31.
Qc2 Qb4 32. h3 Qb3 33. Kg2 Kf8 34. Qc1 Ra1 35. Qxa1 Bxa1 36. Rxa1 Qc4 37. Ra7
Rd8 38. Kg3 Nb6 39. Rb2 Nxd5 40. Nd2 Qd3 41. Rbb7 Qf5 42. Nc4 Nxe3 43. Nxe3
Qe5+ 44. Kg4 Qe6+ 45. Kg3 d5 46. Ng4 d4 47. Nf6 d3 48. Nxh7+ Kg7 49. Nf6 d2 50.
Rd7 Rxd7 51. Ra8 Qxf6 0-1

[Event "Bergen Spillfestival Hovedturnering 2023"]
[Site "Bergen Internasjonale Kulturse"]
[Date "2023.08.02"]
[Round "5"]
[White "Bjarnason, Snorri Vikanes"]
[Black "Mansoor, Afras"]
[Result "0-1"]
[WhiteElo "1657"]
[BlackElo "2159"]
[PlyCount "66"]
[EventDate "2023.??.??"]

{[%evp 0,66,20,-26,-26,-33,-27,-41,16,-10,-6,-18,-16,-26,0,-1,44,24,39,18,7,9,
73,64,41,41,26,-25,10,-8,11,4,-1,6,18,18,51,58,113,113,184,77,86,69,35,27,83,
99,167,261,347,-34,-16,-49,-56,-289,-56,61,-56,-333,-333,-365,-942,-1179,-1179,
-1620,-1620,-29991,-1097]} 1. c4 e5 2. g3 Nf6 3. Bg2 c6 4. Nf3 e4 5. Nd4 d5 6.
cxd5 Qxd5 7. Nc2 Bc5 8. Nc3 Qe5 9. d4 exd3 10. Qxd3 Bf5 11. e4 Bg6 12. O-O Nbd7
13. h3 O-O-O 14. Be3 Qe7 15. Rad1 Rhe8 16. f3 Nh5 17. Kh2 Bxe3 18. Qxe3 f5 19.
Qxa7 Qg5 20. Qf2 f4 21. g4 Ng3 22. Rfe1 Ne5 23. Nb4 h5 24. Qa7 hxg4 25. Rxd8+
Rxd8 26. fxg4 Rd2 27. Qa8+ Kc7 28. Ncd5+ Kd7 29. Qxb7+ Ke8 30. Kg1 f3 31. Qb8+
Kf7 32. Qc7+ Kg8 33. Re2 Rxe2 0-1

[Event "Bergen Spillfestival Hovedturnering 2023"]
[Site "Bergen Internasjonale Kulturse"]
[Date "2023.08.02"]
[Round "5"]
[White "Rynning, Rune Kleiven"]
[Black "Haugen, Lars Tormod"]
[Result "1-0"]
[WhiteElo "1718"]
[BlackElo "1792"]
[PlyCount "117"]
[EventDate "2023.??.??"]

{[%evp 0,50,20,-26,20,9,12,12,12,5,5,5,0,12,39,24,14,22,23,11,12,12,-5,-11,-9,
-11,-15,-20,-31,-31,11,4,-8,-46,-24,-33,-16,-9,18,-9,-9,-6,3,-19,-52,-76,-50,
-47,-54,-54,-36,-44,0]} 1. c4 c5 2. g3 g6 3. Bg2 Bg7 4. Nc3 Nc6 5. Nf3 d6 6.
O-O e5 7. Ne1 Be6 8. d3 Nge7 9. Nd5 O-O 10. Nxe7+ Qxe7 11. Nc2 Qd7 12. Ne3 Bh3
13. Bxh3 Qxh3 14. Nd5 h5 15. Rb1 h4 16. b4 Nxb4 17. Nxb4 cxb4 18. Rxb4 Qd7 19.
Qb3 b6 20. Bd2 Bf6 21. a4 Kg7 22. Kh1 Qg4 23. Qd1 e4 24. Bf4 exd3 25. exd3 Qxd1
26. Rxd1 Be5 27. Be3 hxg3 28. hxg3 Rfe8 29. Kg2 Rad8 30. Rb5 Bc3 31. Bd2 Bxd2
32. Rxd2 d5 33. c5 bxc5 34. Rxc5 Re6 35. Rb2 Rb6 36. Rbb5 Rxb5 37. Rxb5 Rd7 38.
f4 Kf6 39. Kf3 Ke6 40. g4 f5 41. g5 d4 42. Ra5 Kf7 43. Ra6 Kg7 44. Ke2 Kf7 45.
Kd2 Kg7 46. Rc6 Rb7 47. Kc2 a5 48. Rc5 Re7 49. Rxa5 Re2+ 50. Kb3 Rf2 51. Ra7+
Kg8 52. Rd7 Rxf4 53. a5 Rf1 54. a6 Ra1 55. a7 f4 56. Rd8+ Kf7 57. a8=Q Rxa8 58.
Rxa8 Ke6 59. Rf8 1-0

[Event "Bergen Spillfestival Hovedturnering 2023"]
[Site "Bergen Internasjonale Kulturse"]
[Date "2023.08.02"]
[Round "5"]
[White "Seymour, Max Bakke"]
[Black "Gjersvik, Aksel Elias"]
[Result "0-1"]
[WhiteElo "1611"]
[BlackElo "1395"]
[PlyCount "72"]
[EventDate "2023.??.??"]

{[%evp 0,42,20,-26,17,33,37,20,20,33,33,17,19,19,25,20,22,36,34,39,39,10,10,12,
-7,-31,-22,-34,-18,-8,-5,-55,-1,-27,10,-55,-60,-90,-31,-30,-66,-81,-75,-99,
-107]} 1. c4 b6 2. Nf3 Bb7 3. Nc3 Nf6 4. d4 e6 5. a3 d5 6. Bg5 Nbd7 7. e3 Be7
8. cxd5 Nxd5 9. Nxd5 Bxd5 10. Bf4 O-O 11. Bd3 c5 12. e4 Bb7 13. d5 exd5 14.
exd5 Bf6 15. O-O Bxb2 16. Ra2 Bf6 17. Rd2 Re8 18. Qc2 h6 19. Bb5 a6 20. Bc6 Qc8
21. Rfd1 Bxc6 22. dxc6 Nf8 23. Qb3 Qxc6 24. Rd6 Qb5 25. Rxb6 Qxb3 26. Rxb3 Ne6
27. Be3 c4 28. Rb6 Red8 29. Rxd8+ Rxd8 30. Kf1 a5 31. Rc6 c3 32. Ke2 Kh7 33.
Ne1 Rd2+ 34. Bxd2 Nd4+ 35. Kd3 cxd2 36. Kxd2 Nxc6 0-1

[Event "Bergen Spillfestival Hovedturnering 2023"]
[Site "Bergen Internasjonale Kulturse"]
[Date "2023.08.02"]
[Round "5"]
[White "Mongstad, Dag"]
[Black "Texe, Eirik"]
[Result "1/2-1/2"]
[WhiteElo "1516"]
[BlackElo "1573"]
[PlyCount "58"]
[EventDate "2023.??.??"]

{[%evp 0,33,20,19,19,-2,7,6,-46,-63,-24,-18,-45,-23,28,31,19,-8,31,22,18,-45,
-2,10,63,-128,20,22,225,156,164,169,169,154,214,209]} 1. e4 e5 2. f4 exf4 3.
Nf3 g5 4. h4 g4 5. Ne5 d6 6. Nxg4 Nf6 7. Nxf6+ Qxf6 8. d4 Rg8 9. Nc3 c6 10. Bc4
Bg4 11. Qd2 Bh5 12. O-O Bh6 13. e5 Qg7 14. exd6 Kd8 15. Rf2 Nd7 16. Be2 Bxe2
17. Nxe2 Nf6 18. Nxf4 Kd7 19. Qe2 Rae8 20. Qf3 Ng4 21. Nh5 Re1+ 22. Rf1 Qxd4+
23. Kh1 Rxf1+ 24. Qxf1 Nf2+ 25. Kg1 Nd3+ 26. Kh1 Qxh4+ 27. Kg1 Qd4+ 28. Kh1
Qh4+ 29. Kg1 Qd4+ 1/2-1/2

[Event "Bergen Spillfestival Hovedturnering 2023"]
[Site "Bergen Internasjonale Kulturse"]
[Date "2023.08.02"]
[Round "5"]
[White "Bjørkly, Sara Marie Skaug"]
[Black "Krbacevic, Mateja"]
[Result "1/2-1/2"]
[WhiteElo "1470"]
[BlackElo "1476"]
[PlyCount "54"]
[EventDate "2023.??.??"]

{[%evp 0,51,20,20,20,-3,30,16,44,-3,12,-3,-39,-28,-30,-27,-21,-21,-11,-15,-7,
-15,3,40,55,-7,-9,5,1,-38,8,-13,-5,12,16,12,2,9,26,-7,18,11,6,-23,-18,-14,-8,
-18,-12,-12,127,73,100,85]} 1. d4 d5 2. c4 c6 3. Nf3 Nf6 4. Qc2 dxc4 5. Qxc4
Bf5 6. g3 e6 7. Bg2 Nbd7 8. O-O Nb6 9. Qb3 Be7 10. Nc3 h6 11. a4 a5 12. Re1 Bb4
13. Bd2 O-O 14. Rad1 Re8 15. e3 Bg4 16. h3 Bh5 17. Na2 Bxd2 18. Rxd2 Ne4 19.
Rdd1 Qc7 20. Nc3 f5 21. Qc2 Ng5 22. Nxg5 Bxd1 23. Nxe6 Rxe6 24. Rxd1 Rd8 25.
Qxf5 Qe7 26. b3 Rxe3 27. fxe3 Qxe3+ 1/2-1/2

[Event "Bergen Spillfestival Hovedturnering 2023"]
[Site "Bergen Internasjonale Kulturse"]
[Date "2023.08.02"]
[Round "5"]
[White "Flaten, Siver"]
[Black "Straus, Aksel Bjøntegaard"]
[Result "1/2-1/2"]
[WhiteElo "1386"]
[BlackElo "1402"]
[PlyCount "74"]
[EventDate "2023.??.??"]

{[%evp 0,74,20,19,69,60,51,25,83,65,71,28,61,-7,-25,-22,-39,-88,-11,-74,-83,
-97,-93,-117,-142,-101,-27,-35,-26,-41,-37,-21,-18,-42,-45,-54,-68,-73,-50,-63,
-12,-47,-72,-76,-74,-159,-120,-161,-159,-185,-162,-207,-98,-189,-182,-160,-155,
-176,-127,-127,-151,-146,-151,-149,32,17,16,19,34,29,32,22,34,34,33,18,60]} 1.
e4 c6 2. Nf3 d5 3. Nc3 Bg4 4. d4 e6 5. e5 c5 6. Be2 Nc6 7. Be3 Bxf3 8. gxf3 Qb6
9. Na4 Qa5+ 10. c3 cxd4 11. Bxd4 Nxd4 12. Qxd4 Ne7 13. Qc5 Qxc5 14. Nxc5 Ng6
15. Nd3 Rc8 16. O-O-O d4 17. Kc2 dxc3 18. bxc3 b5 19. f4 b4 20. Rb1 Rxc3+ 21.
Kd2 Ra3 22. Rb2 Be7 23. Rc1 O-O 24. Ke3 Rd8 25. Rc7 Rd5 26. Rd2 Nh4 27. Bg4 Bd8
28. Rc8 Ng2+ 29. Ke2 Raxd3 30. Rxd3 Nxf4+ 31. Ke3 Nxd3 32. Bf3 Rxe5+ 33. Kxd3
Kf8 34. Rxd8+ Ke7 35. Rb8 Ra5 36. Rxb4 Rxa2 37. Ke3 a5 1/2-1/2